| 000 | 01096cab a2200313 4500 | ||
|---|---|---|---|
| 001 | ABS60060 | ||
| 008 | 090401t1999 xxu||||| |||| 00| 0 eng d | ||
| 035 | _a(Sirsi) u90679 | ||
| 041 | _aeng | ||
| 100 | _aWilliams, R. | ||
| 245 | _aGreen transport plans: in the business for change | ||
| 260 | _c1999 | ||
| 350 | _a0 | ||
| 490 |
_aSurveyor _v186(5514) 7 January 1999, 16-17(2) |
||
| 520 | _aGreen travel plans are increasingly being made a planning condition, and subjected to a Section 106 agreement, for new developments where travel behaviour can be influenced from the outset. A new distribution centre for Lidl in Weston-super-Mare is one such development. | ||
| 650 | _aBUSINESS PARKS | ||
| 650 | _aCAR USE | ||
| 650 | _aGREEN TRAVEL PLANS | ||
| 650 | _aPLANNING CONDITIONS | ||
| 650 | _aPROPERTY DEVELOPMENT | ||
| 650 | _aPUBLIC TRANSPORT | ||
| 650 | _aTOWN AND COUNTRY PLANNING ACT 1990 S106 | ||
| 650 | _aTRANSPORT PLANS | ||
| 650 | _aTRANSPORT POLICY | ||
| 690 | _aTRANSPORT AND COMMUNICATIONS | ||
| 700 | _aKnight, D. | ||
| 942 | _n0 | ||
| 948 | _c13/01/1999 | ||
| 999 |
_c57497 _d57497 |
||